[Event "Feffernitz Raika op 05th"]
[Site "Feffernitz"]
[Date "1996.??.??"]
[Round "?"]
[White "Kreiner, Ch"]
[Black "Della Pietra, Raimund"]
[Result "1/2-1/2"]
[WhiteElo "1850"]
[BlackElo "1690"]
[PlyCount "51"]
[EventDate "1996.08.??"]
[EventType "swiss"]
[EventRounds "9"]
[EventCountry "AUT"]
[SourceTitle "EXT 2004"]
[Source "ChessBase"]
[SourceDate "2003.11.25"]
[SourceVersion "1"]
[SourceVersionDate "2003.11.25"]
[SourceQuality "1"]

1. d4 d5 2. Nf3 c6 3. Bf4 Nf6 4. c3 e6 5. Nbd2 Nbd7 6. Qc2 c5 7. e3 c4 8. Be2 Be7 9. 0-0 Nh5 10. Ne5 Nxf4 11. exf4 0-0 12. Bf3 Bd6 13. b3 Bxe5 14. fxe5 b5 15. bxc4 bxc4 16. Qa4 Nb6 17. Qa3 Qg5 18. Qc1 Bd7 19. Re1 Rab8 20. Bd1 Ba4 21. Re3 Bxd1 22. Qxd1 Qf5 23. Nf3 Qg4 24. h3 Qh5 25. Qc2 Rb7 26. Rb1 1/2-1/2